Music Quiz

Random Music or Lyrics Quiz

Weezer Songs with 'Girl' in the Lyrics Quiz Stats

Quiz not verified by Sporcle

Challenge
Share
Tweet
Embed
Score 0/45 Timer 14:00
0 Plays Today
Lyric Song % Correct
What's with these homies, dissing my girl?Buddy Holly
85.7%
Goddamn you half-Japanese girlsEl Scorcho
81.6%
Girl, if you're wondering if I want you to(If You're Wondering If I Want You To) I Want You To
73.5%
Preppy girls never looked at meBeverly Hills
71.4%
My girl's got a big mouth / With which she blabbers a lotNo One Else
69.4%
Get your hands off the girl / Can't you see that she belongs to me?Perfect Situation
69.4%
My girl's a liar / But I stand beside herNo Other One
67.3%
You are 18 year old girlAcross the Sea
67.3%
She would never go with me / Were I the last girl on EarthPink Triangle
67.3%
I finally settled down with my girl and I made up with my dadBack to the Shack
67.3%
Girl, we got a good thing(Girl We Got A) Good Thing
67.3%
__ girls, please act your ageL.A. Girlz
65.3%
Yeah, girl / We could ride a Greyhound all the way to the GalapagosKing of the World
61.2%
I've known a lot of girls before / What's the harm in knowing one more?Why Bother?
59.2%
_______, you're all that I wanted of a girlSusanne
55.1%
A boy and a girl / Albatross around their necksWind In Our Sail
55.1%
Oh girlfriend / That's the endO Girlfriend
53.1%
I'm so glad I got a girl to think of even though she isn't mineThank God for Girls
53.1%
Cold hearted girl / Don't hurt me like this anymoreGo Away
51%
________, waiting for me / You'll always be my girlfriendDevotion
46.9%
Knew this girl back in junior high school / When nobody gave her a lookThe Girl Got Hot
44.9%
Where did all these _____ girls come from?Smart Girls
44.9%
But when I finally wake / Both girls are goneSummer Elaine and Drunk Dori
44.9%
Lyric Song % Correct
Oh girl when I'm in love with youKeep Fishin'
42.9%
_____, what you doing now? / What you doing now girl?Jamie
40.8%
I'll be down on my knees / Beggin' for that girl to stayDon't Let Go
40.8%
All the girls get up when I singThe Greatest Man That Ever Lived (Variations on a Shaker Hymn)
40.8%
I gotta have a lot of pretty girls around meCan't Stop Partying
40.8%
I've got the prettiest girl in the whole wide worldThe Prettiest Girl in the Whole Wide World
36.7%
This ain't no butterfly girl, this ain't no butterfly loveTragic Girl
34.7%
Water me girl and let me ease the droughtSmile
32.7%
I'd never hurt you girl 'cause that would be a sinLonely Girl
32.7%
I really miss you girl / I really doI Swear It's True
30.6%
Get out your house girl / And give me a kissLove Explosion
30.6%
Say those forbidden words to me, evil girlJacked Up
30.6%
Girl, you make the rain clouds disappearMiss Sweeney
28.6%
Grungy girls and punk rock boysFake Smiles and Nervous Laughter
28.6%
Me and my girl ain't speak in weeks and I can't remember the reason why, why, whyLet It All Hang Out
26.5%
I've been watching you girl, from the back of my carCold Dark World
24.5%
And my girl we'll say goodbye / To the things we never trySlave
22.4%
Then I got older and noticed a girlPig
20.4%
I said, 'girl, I got to be with you'Trippin' Down the Freeway
14.3%
I will be waiting here girl until the end of timeI Don't Want to Let You Go
14.3%
And the girls will show me their love (high up above)Get Me Some
6.1%
I used to chat up the girls out in the clubRun Over By a Truck
6.1%

You're not logged in!

Compare scores with friends on all Sporcle quizzes.
Join for Free
OR
Log In

You Might Also Like...

Show Comments

Extras

Top Quizzes Today


Score Distribution

Your Account Isn't Verified!

In order to create a playlist on Sporcle, you need to verify the email address you used during registration. Go to your Sporcle Settings to finish the process.

Report this User

Report this user for behavior that violates our Community Guidelines.

Details: